1638 1496 1388 1887 1248 1208 1530 1831 1017 1872 1839 1090 1362 1389 1820 1073 1678 1691 1685 1100 1144 1474 1738 1745 1104 1534 1493 1196 1623 1034 1217 1901 1678 1961 1169 1295 1371 1988 1073 1865 1348 1119 1023 1697 1903 1089 1839 1014 1582 1878 1036 1064 1942 1517 1784 1192 1780 1973 1628 1449 1400 1650 1530 1755 1638 1864 1806 1082 1980 1762 1981 1895 1265 1563 1537 1423 1551 1176 1736 1193 1563 1048 1985 1115 1732 1727 1831 1472 1488 1989 1046 1962 1484 1679 1068 1593 1930 1000 1774 BCNSPRNW ULIB Ver.6.0+V

เปลี่ยนเป็นภาษาไทย

Change to English
 แสดงรายละเอียดบรรณานุกรม
  กลับหน้าหลัก

Brief Record : Get Marc (ISO 2709) : E-mail record : QR code < ปิดหน้าต่าง
LEADER : 00000nam 2200000uu 4500
001    13399129017
003     ULIB
008    250515s2567||||th 000 0 tha d
020    ^a9786169321330
060  4 ^aWY150^bภ927น
100 0  ^aภัทรารัตน์ ตันนุกิจ, สุวดี สุขีนิตย์, จิราพร เชาว์โพธิ์ทอง,^eบรรณาธิการ.
245 0   ^aแนวทางการพยาบาลผู้ป่วยได้รับสารน้ำทางหลอดเลือดดำ^c/ กองบรรณาธิการ, ภัทรารัตน์ ตันนุกิจ, สุวดี สุขีนิตย์, จิราพร เชาว์โพธิ์ทอง.
260    ^aaกรุงเทพฯ :^bสมาคมเครือข่ายพยาบาลผู้ให้สารน้ำทางหลอดเลือดดำ,^c2567.
300    ^aa148 หน้า :^bภาพประกอบ.
505 0  ^aมาตรฐานของแนวทางการพยาบาลผู้ป่วยได้รับสารน้ำทางหลอดเลือดดำ -- การให้ความรู้แก่ผู้ป่วย/ญาติ/ผู้ดูแลผู้ป่วยที่ได้รับสารน้ำ/ยา/เลือดและส่วนประกอบของเลือด -- การบันทึกทางการพยาบาล -- การเลือกตำแหน่งในการให้สารน้ำ/ยา/เลือดและส่วนประกอบของเลือดและการแทงสายสวนหลอดเลือดดำ -- การดูแลบริเวณตำแหน่งที่ให้สารน้ำ/ยา/เลือดและส่วนประกอบของเลือด -- การจัดการอุปกรณ์ที่เกี่ยวข้องกับการให้สารน้ำทางหลอดเลือดดำ -- การล้างและหล่อสายสวนหลอดเลือดดำ -- การป้องกันและควบคุมการติดเชื้อจากการให้สารน้ำ/ยา/เลือดและส่วนประกอบของเลือด -- ภาวะแทรกซ้อนจากการให้สารน้ำทางหลอดเลือดดำ -- การบริหารยาหลายรายการพร้อมกันทางหลอดเลือดดำ -- การให้เลือดและส่วนประกอบของเลือด -- การให้สารอาหารทางหลอดเลือดดำ -- การจัดการกรณีผู้ป่วยหาเส้นเลือดยาก -- การพยาบาลผู้ป่วยใส่สายสวนหลอดเลือดดำส่วนกลาง.
650  4 ^aการให้สารละลายทางหลอดเลือดดำ^xการพยาบาล
700 0  ^aจิราพร เชาว์โพธิ์ทอง
700 0  ^aภัทรารัตน์ ตันนุกิจ
700 0  ^aสุวดี สุขีนิตย์
710 2  ^aสมาคมเครือข่ายพยาบาลผู้ให้สารน้ำทางหลอดเลือดดำ
945    ^p600^l0^i011447
999    ^aประนอม เกษจรัล
รายการนี้ยังไม่มีแท็ก
คุณยังไม่ได้ล็อกอิน คุณสามารถมีกิจกรรมร่วมกับเว็บไซต์ได้ แต่ต้องล็อกอินก่อน ::
  ล็อกอิน

รายการสื่อสารสนเทศ

ลำดับที่ ประเภท เลขเรียก/บาร์โค้ด สถานที่ สถานะ
1. Book การพยาบาล
หนังสือสำรอง
สถานะ=หนังสือสำรอง
WY150 ภ927น ฉ.1 
  Barcode: 011447
ห้องสมุดวิทยาเขตสวรรค์ประชารักษ์
►หนังสือทั่วไป
บนชั้น

BibComment


ยังไม่เคยถูกคอมเมนท์

คอมเมนท์ทรัพยากรรายการนี้
  คอมเมนท์: แนวทางการพยาบาล..


 Copyright 2026. Bcnsprnw @Library